[Event "RUS-chT 30th"]
[White "Chekhov, Sergey"]
[Black "Paravyan, David"]
[Site "Sochi"]
[Round "6.5"]
[Result "0-1"]
[Date "2023.05.07"]
[WhiteElo "2453"]
[BlackElo "2601"]
[PlyCount "68"]
[EventDate "2023.05.01"]
[EventType "team-tourn"]
[EventRounds "9"]
[EventCountry "RUS"]
[SourceTitle "CBM 214 Extra"]
[Source "ChessBase"]
[SourceDate "2023.07.31"]
[SourceVersion "1"]
[SourceVersionDate "2023.07.31"]
[SourceQuality "1"]
[WhiteTeam "Voronezh Inleksis"]
[BlackTeam "Moscow Russian ChSchool"]
[WhiteTeamCountry "RUS"]
[BlackTeamCountry "RUS"]

1. e4 e5 2. Nf3 Nf6 3. Nxe5 d6 4. Nf3 Nxe4 5. d3 Nf6 6. d4 d5 7. Bd3 c5 8. 0-0 c4 9. Be2 Bd6 10. b3 cxb3 11. axb3 0-0 12. Ba3 Nc6 13. Bxd6 Qxd6 14. c3 Bf5 15. Nbd2 Rac8 16. Ra2 a5 17. Qa1 b6 18. Rc1 Ne7 19. Ne5 Ne4 20. Bf3 Ng5 21. Be2 Ng6 22. Nxg6 Qxg6 23. Nf3 Nh3+ 24. Kf1 Nf4 25. Ne1 Rfe8 26. Bf3 Bg4 27. Bxg4 Qxg4 28. f3 Qh4 29. h3 Re3 30. Qb2 Rce8 31. Qf2 Qg5 32. h4 Qf6 33. b4 Qc6 34. c4 axb4 0-1

[Event "RUS-chT 30th"]
[White "Lobanov, Sergei"]
[Black "Chekhov, Sergey"]
[Site "Sochi"]
[Round "4.5"]
[Result "1-0"]
[Date "2023.05.04"]
[WhiteElo "2536"]
[BlackElo "2453"]
[PlyCount "77"]
[EventDate "2023.05.01"]
[EventType "team-tourn"]
[EventRounds "9"]
[EventCountry "RUS"]
[SourceTitle "CBM 214 Extra"]
[Source "ChessBase"]
[SourceDate "2023.07.31"]
[SourceVersion "1"]
[SourceVersionDate "2023.07.31"]
[SourceQuality "1"]
[WhiteTeam "St Petersburg SSHOR"]
[BlackTeam "Voronezh Inleksis"]
[WhiteTeamCountry "RUS"]
[BlackTeamCountry "RUS"]

1. e4 e6 2. d4 d5 3. Nc3 Bb4 4. e5 b6 5. Qg4 Bf8 6. Nf3 h5 7. Qg3 Qd7 8. Bg5 Ba6 9. Bd3 Bxd3 10. cxd3 Nc6 11. 0-0 Nge7 12. Rac1 Nf5 13. Qf4 Be7 14. Bxe7 Ncxe7 15. Ne2 Rc8 16. Rc3 f6 17. Qd2 Ng6 18. Rfc1 c6 19. b4 Kf7 20. R1c2 b5 21. Nc1 Ngh4 22. Nxh4 Nxh4 23. Nb3 Qe8 24. Na5 Kg6 25. Nxc6 Kh7 26. Qf4 Nf5 27. exf6 gxf6 28. Nxa7 Rxc3 29. Rxc3 Rg8 30. Rc8 Qg6 31. Rxg8 Qxg8 32. Nxb5 Qa8 33. Qc7+ Kh6 34. Qc2 Qg8 35. Qc1+ Kh7 36. h3 Qa8 37. Qc2 Nh4 38. Qc7+ Kh8 39. Qf7 1-0

[Event "RUS-chT 30th"]
[White "Inarkiev, Ernesto"]
[Black "Chekhov, Sergey"]
[Site "Sochi"]
[Round "2.4"]
[Result "1-0"]
[Date "2023.05.02"]
[WhiteElo "2661"]
[BlackElo "2453"]
[PlyCount "59"]
[EventDate "2023.05.01"]
[EventType "team-tourn"]
[EventRounds "9"]
[EventCountry "RUS"]
[SourceTitle "CBM 214 Extra"]
[Source "ChessBase"]
[SourceDate "2023.07.31"]
[SourceVersion "1"]
[SourceVersionDate "2023.07.31"]
[SourceQuality "1"]
[WhiteTeam "Moscow Team"]
[BlackTeam "Voronezh Inleksis"]
[WhiteTeamCountry "RUS"]
[BlackTeamCountry "RUS"]

1. Nf3 Nf6 2. c4 c5 3. Nc3 Nc6 4. e3 e6 5. d4 d5 6. cxd5 exd5 7. Bb5 cxd4 8. exd4 Be7 9. 0-0 0-0 10. Bxc6 bxc6 11. Ne5 Bb7 12. Na4 c5 13. Nxc5 Bxc5 14. dxc5 d4 15. Re1 Re8 16. c6 Ba6 17. Qa4 Qb6 18. Bd2 Qxb2 19. Qxa6 Qxd2 20. Qb7 Rac8 21. Qxf7+ Kh8 22. Qb3 h6 23. Red1 Qe2 24. Nf7+ Kh7 25. Nd6 Ne4 26. Nxc8 Qxf2+ 27. Kh1 Qf4 28. Rf1 Qh4 29. Nxa7 Nc3 30. c7 1-0

[Event "RUS-chT2"]
[White "Chekhov, Sergey"]
[Black "Yeletsky, Ivan"]
[Site "Sochi"]
[Round "6.1"]
[Result "1/2-1/2"]
[Date "2022.05.07"]
[WhiteElo "2451"]
[BlackElo "2461"]
[PlyCount "67"]
[EventDate "2022.05.01"]
[EventType "team-swiss"]
[EventRounds "9"]
[EventCountry "RUS"]
[SourceTitle "CBM 208 Extra"]
[Source "ChessBase"]
[SourceDate "2022.07.31"]
[SourceVersion "1"]
[SourceVersionDate "2022.07.31"]
[SourceQuality "1"]
[WhiteTeam "Voronezh Inleksis"]
[BlackTeam "Moscow Temus Tim"]
[WhiteTeamCountry "RUS"]
[BlackTeamCountry "RUS"]

1. e4 c5 2. Nf3 d6 3. Bb5+ Nd7 4. 0-0 a6 5. Bd3 Ngf6 6. Re1 e6 7. c3 Be7 8. Bf1 b5 9. d4 Bb7 10. e5 Nd5 11. a4 Qb6 12. axb5 axb5 13. Rxa8+ Bxa8 14. exd6 Bxd6 15. c4 bxc4 16. Na3 Be7 17. Nxc4 Qc7 18. Bg5 Bxg5 19. Nxg5 0-0 20. dxc5 Qxc5 21. Qd3 N7f6 22. Qa3 Qc7 23. Ne5 Bb7 24. Qa7 h6 25. Ngf3 Ra8 26. Qd4 Qa5 27. Nd3 Ne7 28. Nfe5 Bd5 29. b4 Qa2 30. b5 Rc8 31. Ra1 Nf5 32. Rxa2 Nxd4 33. Rb2 Rc3 34. h3 1/2-1/2

[Event "RUS-chT Blitz"]
[White "Chekhov, Sergey"]
[Black "Rozum, Ivan"]
[Site "Sochi"]
[Round "9.5"]
[Result "0-1"]
[Date "2021.10.14"]
[WhiteElo "2457"]
[BlackElo "2529"]
[PlyCount "96"]
[EventDate "2021.10.14"]
[EventType "team-swiss (blitz)"]
[EventRounds "13"]
[EventCountry "RUS"]
[SourceTitle "CBM 204 Extra"]
[Source "ChessBase"]
[SourceDate "2021.11.30"]
[SourceVersion "1"]
[SourceVersionDate "2021.11.30"]
[SourceQuality "1"]
[WhiteTeam "Voronezh Inleksis"]
[BlackTeam "Vologodsk Region"]
[WhiteTeamCountry "RUS"]
[BlackTeamCountry "RUS"]

1. e4 c6 2. d4 d5 3. exd5 cxd5 4. c4 Nf6 5. Nc3 e6 6. cxd5 Nxd5 7. Nf3 Be7 8. Bc4 0-0 9. 0-0 Nc6 10. Re1 Bf6 11. Ne4 Nce7 12. b3 b6 13. Ba3 Bb7 14. Rc1 a6 15. Nd6 Bc6 16. Ne5 Bb5 17. Bxd5 exd5 18. Nxb5 axb5 19. Bxe7 Qxe7 20. Ng6 Qxe1+ 21. Qxe1 hxg6 22. Qd2 Ra7 23. g3 Rfa8 24. Rc2 Be7 25. Qe2 b4 26. Qb5 Rxa2 27. Rxa2 Rxa2 28. Qxd5 Rd2 29. Qa8+ Kh7 30. Qe4 Bf6 31. d5 Rd4 32. Qf3 Rd2 33. Kf1 Bd4 34. Ke1 Bc3 35. Kf1 Bd4 36. Qf4 Rxf2+ 37. Qxf2 Bxf2 38. Kxf2 Kg8 39. Ke3 Kf8 40. Kd4 Ke7 41. Ke5 f6+ 42. Ke4 Kd6 43. g4 g5 44. Kd4 g6 45. Ke4 Kc5 46. d6 Kxd6 47. Kd4 f5 48. Kc4 Ke5 0-1

[Event "RUS-chT blitz"]
[White "Chekhov, Sergey"]
[Black "Babayan, Arman S"]
[Site "Sochi"]
[Round "2.8"]
[Result "1/2-1/2"]
[Date "2018.10.10"]
[WhiteElo "2463"]
[BlackElo "1673"]
[PlyCount "126"]
[EventDate "2018.10.10"]
[EventType "team-swiss (blitz)"]
[EventRounds "15"]
[EventCountry "RUS"]
[SourceTitle "CBM 186 Extra"]
[Source "ChessBase"]
[SourceDate "2018.08.24"]
[SourceVersion "1"]
[SourceVersionDate "2018.08.24"]
[SourceQuality "1"]
[WhiteTeam "Moscow Liga Tsifrovoy Ekonomiki"]
[BlackTeam "Stavropol Region II"]
[WhiteTeamCountry "RUS"]
[BlackTeamCountry "RUS"]

1. e4 c5 2. d4 cxd4 3. Nf3 Nc6 4. Nxd4 Nf6 5. Nc3 e6 6. Ndb5 d6 7. Bf4 e5 8. Bg5 a6 9. Na3 Be7 10. Bxf6 Bxf6 11. Nc4 Be7 12. Nd5 0-0 13. Ncb6 Rb8 14. Bd3 Bg5 15. 0-0 Be6 16. c3 Ne7 17. Bc4 Nxd5 18. Nxd5 b5 19. Bb3 Kh8 20. Qe2 Qd7 21. Rfd1 f5 22. Nb4 fxe4 23. Bxe6 Qxe6 24. Qxe4 a5 25. Nd5 Qf7 26. f3 Qf5 27. Qxf5 Rxf5 28. Rd3 b4 29. cxb4 axb4 30. Re1 h6 31. g3 h5 32. Kg2 h4 33. Re4 hxg3 34. hxg3 Bc1 35. Rxb4 Rxb4 36. Nxb4 Bxb2 37. Rxd6 Ba3 38. Rd8+ Kh7 39. Nd5 Rf7 40. Ra8 Bc5 41. Ra5 Bd4 42. Ra6 Rb7 43. a4 Rb2+ 44. Kh3 Rb3 45. Kg4 Ra3 46. Ne7 Bf2 47. Nf5 Be1 48. Ra7 Kh8 49. Nxg7 e4 50. fxe4 Rxg3+ 51. Kf5 Rxg7 52. Rxg7 Kxg7 53. Ke6 Kf8 54. Kd7 Bc3 55. Kd8 Kf7 56. Kd7 Kf8 57. Kd6 Ke8 58. e5 Kd8 59. Kd5 Bxe5 60. Kxe5 Kc7 61. Kd5 Kb6 62. Kc4 Ka5 63. Kc3 Kxa4 1/2-1/2

[Event "RUS-chT rapid"]
[White "Mkrtchyan, Artak"]
[Black "Chekhov, Sergey"]
[Site "Sochi"]
[Round "9.9"]
[Result "0-1"]
[Date "2018.10.09"]
[WhiteElo "1983"]
[BlackElo "2463"]
[PlyCount "104"]
[EventDate "2018.10.08"]
[EventType "team-swiss (rapid)"]
[EventRounds "9"]
[EventCountry "RUS"]
[SourceTitle "CBM 186 Extra"]
[Source "ChessBase"]
[SourceDate "2018.08.24"]
[SourceVersion "1"]
[SourceVersionDate "2018.08.24"]
[SourceQuality "1"]
[WhiteTeam "Stavropol Region Krepost"]
[BlackTeam "Moscow Liga Tsifrovoy Ekonomiki"]
[WhiteTeamCountry "RUS"]
[BlackTeamCountry "RUS"]

1. e4 c5 2. Nf3 e6 3. d3 Nc6 4. g3 d5 5. Nbd2 Nf6 6. Bg2 Be7 7. 0-0 b6 8. Re1 Bb7 9. e5 Nd7 10. Nf1 g5 11. h3 h5 12. g4 hxg4 13. hxg4 Rg8 14. c3 Qc7 15. Qe2 Ba6 16. Ng3 0-0-0 17. a3 c4 18. d4 Bb7 19. a4 Na5 20. Nd2 Nf8 21. Nf3 Nb3 22. Ra2 Bc6 23. Nd2 Na5 24. Nf3 Qd7 25. Be3 Nb3 26. a5 Nxa5 27. Rea1 Qc7 28. Qc2 Rg6 29. Nd2 Bb7 30. b4 Nc6 31. Nxc4 dxc4 32. Bxc6 Qxc6 33. Kf1 a6 34. b5 axb5 35. Ra7 Rd5 36. Ne4 Nd7 37. f3 Rh6 38. Kg2 b4 39. cxb4 Bxb4 40. Bxg5 Rh8 41. R1a4 Kb8 42. Rxb7+ Kxb7 43. Rxb4 Rxd4 44. Be3 Rxe4 45. Qxe4 Qxe4 46. fxe4 Rc8 47. Kf2 Ka6 48. Ra4+ Kb5 49. Ra7 Nxe5 50. Rb7 Nxg4+ 51. Ke2 Nxe3 52. Kxe3 c3 0-1

[Event "RUS-chT rapid"]
[White "Dubov, Daniil"]
[Black "Chekhov, Sergey"]
[Site "Sochi"]
[Round "1.1"]
[Result "1-0"]
[Date "2018.10.08"]
[WhiteElo "2703"]
[BlackElo "2463"]
[PlyCount "79"]
[EventDate "2018.10.08"]
[EventType "team-swiss (rapid)"]
[EventRounds "9"]
[EventCountry "RUS"]
[SourceTitle "CBM 186 Extra"]
[Source "ChessBase"]
[SourceDate "2018.08.24"]
[SourceVersion "1"]
[SourceVersionDate "2018.08.24"]
[SourceQuality "1"]
[WhiteTeam "Moscow Nosorogi"]
[BlackTeam "Moscow Liga Tsifrovoy Ekonomiki"]
[WhiteTeamCountry "RUS"]
[BlackTeamCountry "RUS"]

1. Nf3 Nf6 2. g3 b6 3. Bg2 Bb7 4. 0-0 e6 5. c4 Be7 6. d4 0-0 7. d5 Na6 8. Nd4 Nc5 9. Nc3 a5 10. e4 e5 11. Nf5 d6 12. f4 exf4 13. gxf4 Bc8 14. Nd4 Bb7 15. e5 Nfd7 16. Nc6 Qe8 17. Nb5 Rc8 18. exd6 cxd6 19. Re1 Bxc6 20. dxc6 Nb8 21. Nxd6 Qd8 22. Nxc8 Qxc8 23. Rxe7 Nxc6 24. Bxc6 Qxc6 25. Qd5 Qg6+ 26. Kh1 Qf6 27. Ra7 h6 28. Be3 Ne6 29. Rg1 Rd8 30. Ra8 Rxa8 31. Qxa8+ Kh7 32. Qe4+ g6 33. b3 Qh4 34. Bxb6 Ng5 35. Qe3 Nh3 36. Rf1 Qg4 37. Bxa5 h5 38. Rf3 h4 39. Rxh3 Qd1+ 40. Be1 1-0

[Event "RUS-ch rapid"]
[White "Chekhov, Sergey"]
[Black "Bykov, Oleg1"]
[Site "Sochi"]
[Round "8.28"]
[Result "1-0"]
[Date "2018.10.06"]
[WhiteElo "2463"]
[BlackElo "2411"]
[PlyCount "69"]
[EventDate "2018.10.05"]
[EventType "swiss (rapid)"]
[EventRounds "11"]
[EventCountry "RUS"]
[SourceTitle "CBM 186 Extra"]
[Source "ChessBase"]
[SourceDate "2018.08.24"]
[SourceVersion "1"]
[SourceVersionDate "2018.08.24"]
[SourceQuality "1"]

1. e4 e6 2. d4 d5 3. Nc3 Nc6 4. Nf3 Nf6 5. Bg5 Be7 6. Bxf6 Bxf6 7. Bb5 0-0 8. Qd2 Na5 9. 0-0 c6 10. Bd3 b6 11. Rfe1 Bb7 12. e5 Be7 13. Ne2 c5 14. c3 cxd4 15. Nexd4 Rc8 16. Rad1 a6 17. Qf4 b5 18. h4 h6 19. g3 Nc6 20. Bb1 Nxd4 21. Nxd4 h5 22. Qd2 Qb6 23. Qd3 g6 24. g4 hxg4 25. h5 Kg7 26. hxg6 f5 27. exf6+ Rxf6 28. Qe2 Rcf8 29. Qxg4 Bc8 30. Re5 Rf4 31. Qh3 Rh8 32. Qe3 Rg4+ 33. Kf1 Bc5 34. Rxe6 Qa7 35. Nf5+ 1-0

[Event "RUS-ch rapid"]
[White "Iljiushenok, Ilia"]
[Black "Chekhov, Sergey"]
[Site "Sochi"]
[Round "9.16"]
[Result "1/2-1/2"]
[Date "2018.10.06"]
[WhiteElo "2539"]
[BlackElo "2463"]
[PlyCount "138"]
[EventDate "2018.10.05"]
[EventType "swiss (rapid)"]
[EventRounds "11"]
[EventCountry "RUS"]
[SourceTitle "CBM 186 Extra"]
[Source "ChessBase"]
[SourceDate "2018.08.24"]
[SourceVersion "1"]
[SourceVersionDate "2018.08.24"]
[SourceQuality "1"]

1. e4 c5 2. Nf3 e6 3. d4 cxd4 4. Nxd4 a6 5. Nc3 Qc7 6. Qf3 Nc6 7. Be3 Bb4 8. Nxc6 Qxc6 9. Bd4 Nf6 10. Bd3 Be7 11. Qg3 d6 12. f4 Nh5 13. Qg4 Nf6 14. Qg3 Nh5 15. Qf3 Bf6 16. Ne2 Bxd4 17. Nxd4 Qb6 18. 0-0-0 Nf6 19. e5 Nd7 20. Nxe6 fxe6 21. Qh5+ Kd8 22. Qg5+ Kc7 23. Qxg7 Rf8 24. Kb1 dxe5 25. fxe5 Qc5 26. Rhe1 Rf4 27. Qxh7 a5 28. Qh6 Qf8 29. Qxe6 Nc5 30. Qg6 Be6 31. g3 Rf2 32. h4 Qg8 33. Qh6 Raf8 34. Bc4 Kb8 35. Bxe6 Qxe6 36. Qe3 Qe7 37. Rd5 Rf1 38. a3 R8f3 39. Qc1 Qf7 40. Rdd1 Rxe1 41. Rxe1 Ne6 42. Qd2 Rxg3 43. Qxa5 Rf3 44. Qd5 Rh3 45. Qc4 Qe7 46. Rg1 Rxh4 47. Rg8+ Ka7 48. Qd5 Nc7 49. Qa5+ Na6 50. Rg1 Re4 51. Re1 Rxe1+ 52. Qxe1 Nc7 53. Qe3+ Kb8 54. c4 Ne6 55. Kc2 Nd8 56. Qd4 Kc7 57. c5 Nc6 58. Qd6+ Kc8 59. Qxe7 Nxe7 60. Kd3 Kd7 61. b4 Kc6 62. Kc4 Kd7 63. b5 Ke6 64. a4 Kxe5 65. a5 Ke6 66. a6 bxa6 67. bxa6 Nc8 68. a7 Nxa7 69. c6 Nxc6 1/2-1/2

[Event "RUS-ch rapid"]
[White "Jary, Sergey"]
[Black "Chekhov, Sergey"]
[Site "Sochi"]
[Round "11.31"]
[Result "0-1"]
[Date "2018.10.06"]
[WhiteElo "2286"]
[BlackElo "2463"]
[PlyCount "92"]
[EventDate "2018.10.05"]
[EventType "swiss (rapid)"]
[EventRounds "11"]
[EventCountry "RUS"]
[SourceTitle "CBM 186 Extra"]
[Source "ChessBase"]
[SourceDate "2018.08.24"]
[SourceVersion "1"]
[SourceVersionDate "2018.08.24"]
[SourceQuality "1"]

1. d4 Nf6 2. g3 e6 3. Bg2 c5 4. c3 Be7 5. e4 d5 6. e5 Nfd7 7. Ne2 b6 8. 0-0 Nc6 9. f4 g6 10. Be3 h5 11. Nd2 a5 12. Nf3 Ba6 13. Re1 Qc7 14. Qd2 a4 15. Kf2 Na5 16. Qc2 cxd4 17. Nexd4 Nc5 18. Bf1 Ne4+ 19. Kg2 Bxf1+ 20. Rxf1 a3 21. b4 Nc4 22. Bg1 h4 23. Rae1 Nb2 24. Ng5 Bxg5 25. Rxe4 dxe4 26. Nb5 Qc6 27. Nd6+ Ke7 28. fxg5 e3+ 29. Kh3 hxg3+ 30. Kxg3 Rh7 31. Qe4 Qxe4 32. Nxe4 Rah8 33. Kf3 Nc4 34. Ke2 Rd8 35. Rf4 Nxe5 36. h4 Nd3 37. Rg4 Ne5 38. Rf4 Nd3 39. Rg4 Nc1+ 40. Kxe3 Nxa2 41. Bf2 Nc1 42. Rg1 Nb3 43. Nf6 Rhh8 44. Kf3 Rd3+ 45. Kg2 Rd2 46. Kf3 Rxf2+ 0-1

[Event "RUS-ch rapid"]
[White "Chizhikov, Vladislav"]
[Black "Chekhov, Sergey"]
[Site "Sochi"]
[Round "3.30"]
[Result "1-0"]
[Date "2018.10.05"]
[WhiteElo "2304"]
[BlackElo "2463"]
[PlyCount "91"]
[EventDate "2018.10.05"]
[EventType "swiss (rapid)"]
[EventRounds "11"]
[EventCountry "RUS"]
[SourceTitle "CBM 186 Extra"]
[Source "ChessBase"]
[SourceDate "2018.08.24"]
[SourceVersion "1"]
[SourceVersionDate "2018.08.24"]
[SourceQuality "1"]

1. e4 c5 2. Nf3 e6 3. b3 b6 4. c4 Bb7 5. Nc3 a6 6. Bb2 Qc7 7. Rc1 d6 8. d4 cxd4 9. Nxd4 Nf6 10. Bd3 Be7 11. 0-0 Nbd7 12. Bb1 Rc8 13. Qf3 Ne5 14. Qh3 g5 15. f4 gxf4 16. Rxf4 Rg8 17. Rcf1 Rg6 18. Kh1 Qb8 19. Nxe6 fxe6 20. Qxe6 Nfd7 21. Qh3 Nf8 22. Nd5 Bxd5 23. exd5 Rg5 24. Bc1 Rg8 25. Bf5 Kd8 26. Be6 Nxe6 27. Qxe6 Re8 28. Re4 Qc7 29. Be3 Rb8 30. Bd4 Qd7 31. Qh6 Kc7 32. h3 Bf8 33. Qe3 Bg7 34. Re1 Kb7 35. Bxb6 Nxc4 36. bxc4 Rxe4 37. Qxe4 Kxb6 38. Qxh7 Qc7 39. c5+ dxc5 40. d6 Qf7 41. Qb1+ Kc6 42. Qxb8 Bd4 43. Rb1 c4 44. Qc7+ Qxc7 45. dxc7 Kxc7 46. Rb4 1-0

[Event "RUS Central Region-chT"]
[White "Kalugin, Sergey V"]
[Black "Chekhov, Sergey"]
[Site "Lipetsk"]
[Round "3.4"]
[Result "0-1"]
[Date "2017.12.04"]
[WhiteElo "2416"]
[BlackElo "2454"]
[PlyCount "76"]
[EventDate "2017.12.03"]
[EventType "team-swiss"]
[EventRounds "7"]
[EventCountry "RUS"]
[SourceTitle "CBM 182 Extra"]
[Source "ChessBase"]
[SourceDate "2018.02.23"]
[SourceVersion "1"]
[SourceVersionDate "2018.02.23"]
[SourceQuality "1"]
[WhiteTeam "SDU SOR Region "]
[BlackTeam "Voronezh Region"]
[WhiteTeamCountry "RUS"]
[BlackTeamCountry "RUS"]

1. e4 c5 2. Nf3 e6 3. d4 cxd4 4. Nxd4 a6 5. Bd3 Nf6 6. 0-0 Qc7 7. Qe2 d6 8. Nc3 Nc6 9. Be3 Ne5 10. h3 Be7 11. f4 Nxd3 12. cxd3 0-0 13. Rac1 Qd8 14. Qf3 Nd7 15. Rfd1 Re8 16. Rc2 Bf8 17. Rdc1 Nf6 18. Bf2 Nd7 19. Kh1 g6 20. Rf1 Bg7 21. Bg1 Nf6 22. e5 Nd7 23. exd6 Nf6 24. Ne4 Nd5 25. Re1 f5 26. Nc3 Nb4 27. Rce2 Qxd6 28. a3 Bxd4 29. Bxd4 Qxd4 30. axb4 Bd7 31. Qxb7 Rab8 32. Qxa6 Rxb4 33. Re5 Rxb2 34. Nd1 Rd2 35. Qc4 Rxd3 36. Qxd4 Rxd4 37. g3 Ra8 38. Kg1 Ra2 0-1

[Event "Voronezh IM"]
[White "Cherednichenko, Dmitrij"]
[Black "Chekhov, Sergey"]
[Site "Voronezh"]
[Round "7"]
[Result "0-1"]
[Date "2017.02.13"]
[WhiteElo "2302"]
[BlackElo "2460"]
[PlyCount "110"]
[EventDate "2017.02.07"]
[EventType "tourn"]
[EventRounds "9"]
[EventCountry "RUS"]
[EventCategory "5"]
[SourceTitle "CBM 176 Extra"]
[Source "ChessBase"]
[SourceDate "2017.03.02"]
[SourceVersion "1"]
[SourceVersionDate "2017.03.02"]
[SourceQuality "1"]

1. d4 Nf6 2. c4 e6 3. Nf3 a6 4. Nc3 c5 5. g3 b5 6. Bg2 Bb7 7. cxb5 axb5 8. Nxb5 Qa5+ 9. Nc3 cxd4 10. Qxd4 Bc5 11. Qd1 d5 12. 0-0 Nc6 13. Bd2 Qa7 14. Rc1 0-0 15. Ne1 Ne5 16. Nd3 Nxd3 17. exd3 Ba6 18. Na4 Bd4 19. Bc3 Bb5 20. Bxd4 Qxd4 21. Nc3 Ba6 22. Qd2 Nd7 23. Qe3 Qxe3 24. fxe3 Ne5 25. Rfd1 Nxd3 26. Rb1 Ne5 27. Bf1 Rfc8 28. Bxa6 Rxa6 29. Rbc1 f5 30. b3 Rxc3 31. Rxc3 Rxa2 32. Rf1 Kf7 33. Rf2 Ra3 34. Rc7+ Kf6 35. Rb7 g5 36. Rb2 Ra1+ 37. Kg2 g4 38. h3 h5 39. Rf2 Nd3 40. Re2 Ne1+ 41. Kh2 Nf3+ 42. Kg2 Ng1 43. Rf2 Nxh3 44. Rc2 Ng5 45. b4 Nf3 46. Re2 Rb1 47. Ra2 Ne1+ 48. Kh2 Nf3+ 49. Kg2 Rg1+ 50. Kf2 Rh1 51. Re2 h4 52. gxh4 Nxh4 53. b5 Rh2+ 54. Ke1 g3 55. b6 g2 0-1

[Event "Tambov Korensky Memorial 25th"]
[White "Chekhov, Sergey"]
[Black "Korensky, Sergey"]
[Site "Tambov"]
[Round "7"]
[Result "1-0"]
[Date "2016.08.26"]
[WhiteElo "2465"]
[BlackElo "2214"]
[PlyCount "41"]
[EventDate "2016.08.20"]
[EventType "swiss"]
[EventRounds "9"]
[EventCountry "RUS"]
[SourceTitle "CBM 174 Extra"]
[Source "ChessBase"]
[SourceDate "2016.10.10"]
[SourceVersion "1"]
[SourceVersionDate "2016.10.10"]
[SourceQuality "1"]

1. e4 e5 2. f4 exf4 3. Bc4 d5 4. Bxd5 Nf6 5. Nc3 Bb4 6. Bb3 Bxc3 7. bxc3 Nxe4 8. Nf3 0-0 9. 0-0 Bg4 10. Qe1 Re8 11. Ne5 Rxe5 12. Rxf4 Bf5 13. d4 g5 14. Rf1 Ra5 15. Rxf5 Rxf5 16. Qxe4 Qf6 17. Qe8+ Kg7 18. Ba3 c5 19. Bxc5 b6 20. Be7 Qc6 21. Qf8+ 1-0

[Event "Voronezh op-A 20th"]
[White "Vokhidov, Shamsiddin"]
[Black "Chekhov, Sergey"]
[Site "Voronezh"]
[Round "9"]
[Result "0-1"]
[Date "2016.06.20"]
[WhiteElo "2370"]
[BlackElo "2458"]
[PlyCount "98"]
[EventDate "2016.06.12"]
[EventType "swiss"]
[EventRounds "9"]
[EventCountry "RUS"]
[SourceTitle "EXT 2019"]
[Source "ChessBase"]
[SourceDate "2018.10.10"]
[SourceVersion "1"]
[SourceVersionDate "2018.10.10"]
[SourceQuality "1"]

1. e4 c5 2. Nf3 e6 3. d4 cxd4 4. Nxd4 a6 5. c4 Nf6 6. Nc3 Bb4 7. Qd3 Qc7 8. a3 Be7 9. Be2 d6 10. 0-0 Nbd7 11. Be3 b6 12. f3 Bb7 13. Qd2 Rc8 14. Rfc1 0-0 15. a4 Qb8 16. a5 bxa5 17. Rxa5 Ne5 18. b3 Rfd8 19. Raa1 d5 20. cxd5 exd5 21. f4 Bb4 22. fxe5 Nxe4 23. Nxe4 Bxd2 24. Nxd2 Qxe5 25. Bf2 Rxc1+ 26. Rxc1 Qf4 27. Rd1 h6 28. Nf1 Rc8 29. Bf3 Qd6 30. Nf5 Qa3 31. Re1 Rc1 32. Re8+ Kh7 33. Nd4 Bc6 34. Nxc6 Qa1 35. g3 Rxf1+ 36. Kg2 Rxf2+ 37. Kxf2 Qb2+ 38. Re2 Qxb3 39. Ne5 a5 40. Nxf7 a4 41. Rd2 d4 42. Rxd4 Qa2+ 43. Ke3 Qxf7 44. Bd5 Qe7+ 45. Kd3 a3 46. Ba2 Qb7 47. Re4 Qd7+ 48. Kc3 Qb5 49. Rb4 Qe5+ 0-1

[Event "RUS-chT2"]
[White "Demidov, Mikhail"]
[Black "Chekhov, Sergey"]
[Site "Sochi"]
[Round "9.1"]
[Result "1/2-1/2"]
[Date "2016.05.10"]
[WhiteElo "2506"]
[BlackElo "2465"]
[PlyCount "80"]
[EventDate "2016.05.01"]
[EventType "team-swiss"]
[EventRounds "9"]
[EventCountry "RUS"]
[SourceTitle "CBM 172 Extra"]
[Source "ChessBase"]
[SourceDate "2016.06.21"]
[SourceVersion "1"]
[SourceVersionDate "2016.06.21"]
[SourceQuality "1"]
[WhiteTeam "Moscow Boavista"]
[BlackTeam "Voronezh"]
[WhiteTeamCountry "RUS"]
[BlackTeamCountry "RUS"]

1. Nf3 c5 2. g3 b6 3. Bg2 Bb7 4. c4 e6 5. 0-0 Nf6 6. Nc3 Be7 7. d4 cxd4 8. Qxd4 d6 9. Bg5 a6 10. Bxf6 Bxf6 11. Qd3 Be7 12. Nd4 Bxg2 13. Kxg2 Qc8 14. f4 Nc6 15. Rad1 0-0 16. Rf3 Nxd4 17. Qxd4 b5 18. cxb5 axb5 19. Nxb5 Rxa2 20. Nxd6 Bxd6 21. Qxd6 Rxb2 22. Kf2 Qb8 23. Ra3 h5 24. Qxb8 Rfxb8 25. Rad3 g6 26. Rd8+ Rxd8 27. Rxd8+ Kg7 28. Ra8 Rc2 29. Ra7 Rb2 30. Rc7 Ra2 31. Rd7 Rb2 32. Ra7 Rc2 33. Ra5 Rb2 34. Rc5 Ra2 35. Rb5 Rc2 36. Ra5 Rb2 37. Ra3 Rc2 38. Rb3 Ra2 39. Rc3 Rb2 40. Rd3 Ra2 1/2-1/2

[Event "RUS-chT2"]
[White "Eliseev, Urii"]
[Black "Chekhov, Sergey"]
[Site "Sochi"]
[Round "7.1"]
[Result "1-0"]
[Date "2016.05.08"]
[WhiteElo "2606"]
[BlackElo "2465"]
[PlyCount "165"]
[EventDate "2016.05.01"]
[EventType "team-swiss"]
[EventRounds "9"]
[EventCountry "RUS"]
[SourceTitle "CBM 172 Extra"]
[Source "ChessBase"]
[SourceDate "2016.06.21"]
[SourceVersion "1"]
[SourceVersionDate "2016.06.21"]
[SourceQuality "1"]
[WhiteTeam "Moscow SergArk"]
[BlackTeam "Voronezh"]
[WhiteTeamCountry "RUS"]
[BlackTeamCountry "RUS"]

1. e4 c5 2. Nf3 e6 3. d4 cxd4 4. Nxd4 a6 5. Bd3 g6 6. c4 Bg7 7. Nf3 Nc6 8. Nc3 d6 9. 0-0 Nf6 10. Be3 Ng4 11. Bg5 Bf6 12. Bxf6 Nxf6 13. Qd2 e5 14. Rfd1 Bg4 15. Be2 Bxf3 16. Bxf3 Nd4 17. Ne2 Nxe2+ 18. Bxe2 Nxe4 19. Qe3 Nc5 20. b4 Ne6 21. c5 0-0 22. Rxd6 Qh4 23. Rb6 a5 24. b5 Qb4 25. Rc1 Rac8 26. Rxe6 fxe6 27. Bc4 Rf6 28. Qxe5 Qd2 29. Rf1 Kg7 30. g3 Qd7 31. c6 Qc7 32. Qb2 Rb8 33. Re1 Kf7 34. Qd2 bxc6 35. b6 Qxb6 36. Rxe6 Rxe6 37. Qd7+ Kf8 38. Qxe6 Qb1+ 39. Kg2 Qb7 40. g4 Kg7 41. Qe5+ Kf8 42. g5 c5+ 43. Bd5 Qb6 44. Qf4+ Kg7 45. Qe5+ Kf8 46. Qh8+ Ke7 47. Qxh7+ Kd6 48. Be4 Ke5 49. Bxg6 Qb7+ 50. Qxb7 Rxb7 51. Kg3 c4 52. h4 c3 53. h5 Rb2 54. h6 c2 55. h7 c1Q 56. h8Q+ Kd6 57. Qd4+ Kc7 58. Qe5+ Kd7 59. Bf5+ Kc6 60. Be4+ Kd7 61. Bf5+ Kc6 62. Qe8+ Kb7 63. Be4+ Kc7 64. Qe7+ Kc8 65. Bf5+ Kb8 66. Qd8+ Kb7 67. Be4+ Ka6 68. Qa8+ Kb5 69. Qb7+ Ka4 70. Qc6+ Qxc6 71. Bxc6+ Ka3 72. g6 Rb6 73. g7 Rxc6 74. g8Q a4 75. f4 Rc1 76. Kf2 Rc2+ 77. Ke3 Rxa2 78. f5 Ra1 79. f6 Rf1 80. Qc4 Rxf6 81. Qc3+ Ka2 82. Qxf6 a3 83. Qc3 1-0